Neškodný příběh ; Slíbil jsem to Fredymu : (dvě rozhlasové hry) /

Hlavní autor: Tobiáš, Egon L., 1971-
Jazyk: Čeština
Vydáno: Brno : Větrné mlýny, 2003
Vydání: Vyd. 1.
Edice: Současná česká hra
Témata:
Fyzický popis: 20 s. ; 15 x 20 cm
Knihy
Uloženo v:
LEADER 01238nam a2200349 a 4500
001 000674488
003 CZ BrMZK
005 20100602075213.0
007 ta
008 030620s2003 xr g 000 d cze d
020 |q (brož.) 
040 |a BOA001  |b cze 
072 7 |a 821.162.3-2  |x České drama  |2 Konspekt  |9 25 
080 |a 821.162.3-2  |2 MRF 
080 |a (0:82-2)  |2 MRF 
080 |a (0:82-25)7.096  |2 MRF 
100 1 |a Tobiáš, Egon L.,  |d 1971-  |7 jo20010086048  |4 aut 
245 1 0 |a Neškodný příběh ;  |b Slíbil jsem to Fredymu : (dvě rozhlasové hry) /  |c Egon Tobiáš 
250 |a Vyd. 1. 
260 |a Brno :  |b Větrné mlýny,  |c 2003 
300 |a 20 s. ;  |c 15 x 20 cm 
490 1 |a Současná česká hra ;  |v 2/2003 
500 |a 300 výt. 
655 7 |a česká dramata  |7 fd133957  |2 czenas 
655 7 |a divadelní hry  |7 fd132028  |2 czenas 
655 7 |a rozhlasové hry  |7 fd133298  |2 czenas 
740 0 2 |a Slíbil jsem to Fredymu 
830 0 |a Současná česká hra  |0 s 
910 |a BOA001  |b 2-1121.079 
990 |a BK 
996 6 |b 2610193941  |c 2-1121.079  |l MZK  |r Sklad / do 1 hodiny  |n 0  |p p.v.  |w 000674488  |u 000010  |a 1  |e BOA001  |j MZK50  |s P 
996 7 |b 2610193942  |c 2-1121.079  |l MZK  |r Sklad / do 1 hodiny  |n 5  |p p.v.  |w 000674488  |u 000020  |a 1  |e BOA001  |j MZK50  |s A